[Event "It (Open) Nova Gorica SLO"]
[Site "?"]
[Date "2006.01.30"]
[Round "7"]
[White "Kovacevic Aleksandar"]
[Black "Epishin Vladimir"]
[Result "1/2-1/2"]
[WhiteElo "2535"]
[BlackElo "2553"]
[PlyCount "86"]
[EventDate "2006.??.??"]
[Source "www.chesslib.no"]
[SourceDate "2004.05.04"]

1. e4 c5 2. Nf3 e6 3. d4 cxd4 4. Nxd4 a6 5. c4 Nf6 6. Nc3 Qc7 7. a3 Be7 8. Be2 O-O 9. O-O Nc6 10. Be3 d6 11. Rc1 Ne5 12. f4 Ng6 13. b4 Bd7 14. Qe1 Rfe8 15. Nb3 Rac8 16. c5 e5 17. cxd6 Qxd6 18. f5 Nf4 19. Nc5 Bc6 20. Bf3 Qb8 21. Rd1 h6 22. Kh1 Rcd8 23. Rxd8 Qxd8 24. Qb1 Bxc5 25. Bxc5 Qd2 26. Qb3 Nd3 27. Bb6 Ne1 28. Nb1 Qc2 29. Qxc2 Nxc2 30. Rc1 Nd4 31. Nc3 Nb5 32. Nxb5 axb5 33. Re1 Re7 34. Kg1 Rd7 35. Re3 Ne8 36. Kf1 Rd2 37. Ke1 Rc2 38. Kd1 Rc4 39. Be2 Rxe4 40. Rxe4 Bxe4 41. Bxb5 Nd6 42. Bf1 Bc6 43. Kd2 Nxf5 1/2-1/2

[Event "Manila"]
[Site "Manila PHI"]
[Date "1973.10.18"]
[Round "2"]
[White "Ljubojevic, Ljubomir"]
[Black "Quinteros, Miguel A"]
[Result "1-0"]
[WhiteElo "2565"]
[BlackElo "2520"]
[PlyCount "81"]
[EventDate "1973.10.??"]
[Source "www.chesslib.no"]
[SourceDate "2004.05.04"]

1. e4 c5 2. Nf3 e6 3. d4 cxd4 4. Nxd4 a6 5. c4 Nf6 6. Bd3 Nc6 7. Be3 d5 8. exd5 exd5 9. Nxc6 bxc6 10. O-O d4 11. Bg5 Be7 12. Nd2 c5 13. Re1 Kf8 14. Re5 Qc7 15. Qe2 Bg4 16. f3 Bd6 17. Bxf6 gxf6 18. Rd5 Bxh2+ 19. Kh1 Be6 20. Rh5 Bf4 21. Nb3 Bd6 22. Qe4 Rc8 23. Qh4 Qd8 24. Re1 f5 25. Qh3 Rb8 26. Bxf5 Bxc4 27. Nd2 Bxa2 28. Rxh7 Rxh7 29. Qxh7 Qf6 30. Ne4 Re8 31. g4 Qg7 32. Qxg7+ Kxg7 33. Ra1 Rxe4 34. Bxe4 Bc4 35. Kg2 Be5 36. Rc1 Be2 37. Rxc5 Bf4 38. Rd5 Be3 39. Kg3 Kf8 40. f4 Ke7 41. g5 1-0

[Event "II ch-Ibero-Americano Gp D"]
[Site "Morelia MEX"]
[Date "2008.02.19"]
[Round "5"]
[White "Zambrana, O."]
[Black "Hernandez Carmenates, Hold"]
[Result "0-1"]
[WhiteElo "2492"]
[BlackElo "2590"]
[PlyCount "102"]
[EventDate "2008.02.15"]
[Source "www.chesslib.no"]
[SourceDate "2004.05.04"]

1. e4 c5 2. Nf3 e6 3. d4 cxd4 4. Nxd4 a6 5. c4 Nf6 6. Nc3 Qc7 7. a3 b6 8. Be3 Bb7 9. f3 d6 10. Rc1 Be7 11. Be2 O-O 12. O-O Nbd7 13. b4 Rac8 14. Kh1 Qb8 15. Qd2 Bd8 16. Bg1 h5 17. Nd1 d5 18. exd5 exd5 19. Nf2 dxc4 20. Bxc4 b5 21. Bb3 Rxc1 22. Rxc1 Ne5 23. Nd3 Nfd7 24. Nc5 Nb6 25. Qf4 Bf6 26. Nxb7 Qxb7 27. Qf5 h4 28. Bc2 Ng6 29. Be4 Qb8 30. Ne6 Rc8 31. Nc5 Na4 32. Re1 Nxc5 33. bxc5 Re8 34. Rd1 Rd8 35. Rd5 Rxd5 36. Qxd5 Qd8 37. Qb3 Nf4 38. Be3 Be5 39. Qc2 Ne6 40. c6 Qd6 41. Bg1 Qxa3 42. Bd5 Qa1 43. Qa2 Qc1 44. c7 Bd4 45. c8=R+ Qxc8 46. Bxd4 Nxd4 47. h3 Qc1+ 48. Kh2 Qc7+ 49. Kh1 Nf5 50. Qa1 Ng3+ 51. Kh2 Ne2+ 0-1

[Event "XXVI Open di Andorra"]
[Site "La Massana AND"]
[Date "2008.07.24"]
[Round "6"]
[White "Fluvia Poyatos, Jor"]
[Black "Damljanovic, B."]
[Result "0-1"]
[WhiteElo "2500"]
[BlackElo "2579"]
[PlyCount "92"]
[EventDate "2008.07.19"]
[Source "www.chesslib.no"]
[SourceDate "2004.05.04"]

1. e4 c5 2. Nf3 e6 3. d4 cxd4 4. Nxd4 a6 5. c4 Nf6 6. Nc3 Bb4 7. Bd3 Nc6 8. a3 Bxc3+ 9. bxc3 Ne5 10. f4 Nxd3+ 11. Qxd3 d5 12. cxd5 exd5 13. e5 Ne4 14. O-O Qc7 15. f5 Qxc3 16. Qxc3 Nxc3 17. f6 gxf6 18. exf6 Rg8 19. Bd2 Ne4 20. Bb4 Bh3 21. Ra2 Rc8 22. Kh1 Bg4 23. Re1 Kd7 24. Be7 Rc4 25. Nb3 Rgc8 26. h3 Be6 27. Kh2 b5 28. Rb2 Bf5 29. Rd1 Nc3 30. Rdd2 Be4 31. Nd4 Na4 32. Rb3 Nc5 33. Rg3 Ne6 34. Nf5 Rc2 35. Rxc2 Rxc2 36. Nh6 Bg6 37. Ng4 Re2 38. Kg1 h5 39. Kf1 Re4 40. Nf2 Rf4 41. Ke1 d4 42. Ke2 Kc6 43. Nd3 Bxd3+ 44. Kxd3 Kd5 45. Rg7 Rf2 46. g3 Nxg7 0-1

[Event "Meurthe et Moselle GM"]
[Site "Nancy FRA"]
[Date "2007.02.23"]
[Round "7"]
[White "Sandipan, C."]
[Black "Sikula, V."]
[Result "1/2-1/2"]
[WhiteElo "2561"]
[BlackElo "2515"]
[PlyCount "129"]
[EventDate "2007.02.19"]
[Source "www.chesslib.no"]
[SourceDate "2004.05.04"]

1. e4 c5 2. Nf3 e6 3. d4 cxd4 4. Nxd4 a6 5. c4 Nf6 6. Nc3 Qc7 7. a3 b6 8. Be3 d6 9. Rc1 Bb7 10. f3 Be7 11. Be2 O-O 12. O-O Nbd7 13. b4 Rac8 14. Qd2 Qb8 15. Nb3 Bd8 16. Rfd1 Bc7 17. Bf4 Ne5 18. Bxe5 dxe5 19. Kh1 Nh5 20. b5 axb5 21. Nxb5 Bc6 22. Nxc7 Rxc7 23. Qd6 Ba4 24. Qb4 Qa7 25. Rd6 Rb8 26. Rb1 Nf6 27. Na5 Rc5 28. Qxa4 Rxa5 29. Qb4 g6 30. Rxb6 Rxb6 31. Qxb6 Qxb6 32. Rxb6 Rxa3 33. Kg1 Nd7 34. Rd6 Nc5 35. Rc6 Nb3 36. Rc8+ Kg7 37. c5 Ra1+ 38. Kf2 Rc1 39. c6 Nd4 40. c7 Rc2 41. Kf1 Nxe2 42. Ra8 Rxc7 43. Kxe2 Rc2+ 44. Kf1 g5 45. Ra5 Kf6 46. h3 h5 47. Ra8 g4 48. hxg4 hxg4 49. Rg8 gxf3 50. gxf3 Ke7 51. Ra8 f5 52. exf5 exf5 53. Ra6 Rd2 54. Rh6 Rd6 55. Rh5 Ke6 56. Ke2 Rc6 57. Kd3 Rc1 58. Kd2 Ra1 59. Ke2 Ra2+ 60. Ke1 Kf6 61. Rh4 Kg5 62. Rb4 e4 63. fxe4 f4 64. e5 Kg4 65. e6 1/2-1/2

[Event "Zlatibor"]
[Site "?"]
[Date "2006.09.01"]
[Round "7"]
[White "Vuckovic Bojan"]
[Black "Pikula Dejan"]
[Result "1-0"]
[WhiteElo "2527"]
[BlackElo "2545"]
[PlyCount "55"]
[EventDate "2006.??.??"]
[Source "www.chesslib.no"]
[SourceDate "2004.05.04"]

1. e4 c5 2. Nf3 e6 3. d4 cxd4 4. Nxd4 a6 5. c4 Nf6 6. Nc3 Bb4 7. Qc2 O-O 8. e5 Ng4 9. f4 Bc5 10. Nb3 Bf2+ 11. Ke2 Ba7 12. h3 Qh4 13. c5 Qf2+ 14. Kd1 Ne3+ 15. Bxe3 Qxe3 16. Qe4 Bxc5 17. Nxc5 Qxc5 18. Bd3 g6 19. h4 d5 20. Qf3 h5 21. g4 hxg4 22. Qxg4 Qd4 23. Ke2 Nc6 24. Rag1 Ne7 25. h5 f5 26. Qg5 Rf7 27. hxg6 Rg7 28. Qh4 1-0

[Event "Olympiad"]
[Site "Olympiad, Manila (Philippines"]
[Date "1992.??.??"]
[Round "1"]
[White "Rodriguez, Ruben"]
[Black "Kamsky, Gata"]
[Result "0-1"]
[WhiteElo "2415"]
[BlackElo "2655"]
[PlyCount "78"]
[EventDate "1992.??.??"]
[Source "www.chesslib.no"]
[SourceDate "2004.05.04"]

1. e4 c5 2. Nf3 e6 3. d4 cxd4 4. Nxd4 a6 5. c4 Nf6 6. Nc3 Qc7 7. a3 Be7 8. Be2 b6 9. O-O Bb7 10. Qc2 O-O 11. Be3 d6 12. f4 Nbd7 13. b4 Rac8 14. Rac1 Qb8 15. Qd3 Rfe8 16. Bf3 Bf8 17. Nb3 Rc7 18. Nd2 Rec8 19. g4 g6 20. g5 Ne8 21. Rc2 Bg7 22. Rfc1 Qa8 23. Na4 Qb8 24. Nxb6 Nxb6 25. Bxb6 Bxe4 26. Nxe4 Qxb6+ 27. c5 dxc5 28. bxc5 Qa7 29. Kg2 Rd7 30. Qe2 Qc7 31. Rd2 Rxd2 32. Qxd2 Rd8 33. Qb4 Rb8 34. Qa4 Kf8 35. Ng3 Rb2+ 36. Kg1 h6 37. Bc6 hxg5 38. Bxe8 gxf4 39. Qd7 fxg3 0-1

[Event "Beijing Open"]
[Site "Beijing CHN"]
[Date "1991.??.??"]
[Round "8"]
[White "Ardiansyah, Haji"]
[Black "Vyzmanavin, Alexey B"]
[Result "1/2-1/2"]
[WhiteElo "2465"]
[BlackElo "2605"]
[PlyCount "86"]
[EventDate "1991.03.??"]
[Source "www.chesslib.no"]
[SourceDate "2004.05.04"]

1. e4 c5 2. Nf3 e6 3. d4 cxd4 4. Nxd4 a6 5. c4 Nf6 6. Nc3 Qc7 7. Be2 b6 8. Bg5 Bb7 9. Bxf6 gxf6 10. O-O Nc6 11. Nxc6 Bxc6 12. Rc1 Qf4 13. Bf3 Bc5 14. Kh1 Qe5 15. Bh5 Kf8 16. f4 Qd4 17. Qb3 Qd6 18. Rcd1 Qe7 19. Bf3 Kg7 20. Nd5 Qd8 21. Nb4 Qc7 22. e5 f5 23. Qc3 Bxf3 24. Rxf3 Rhc8 25. Rfd3 Bxb4 26. Qxb4 Qc5 27. Qe1 Qxc4 28. Rd4 Qc6 29. Rxd7 Kh8 30. R7d6 Qe8 31. Qh4 Qf8 32. h3 h6 33. Rd7 Qg7 34. R1d3 Rc1+ 35. Kh2 Rg8 36. Rd2 Rf1 37. Rd8 Rxd8 38. Rxd8+ Kh7 39. Rd6 Qf8 40. b4 Ra1 41. Rd7 Rxa2 42. Qf6 Qg7 43. Rxf7 Rxg2+ 1/2-1/2

[Event "Jugoslavija 86/146"]
[Site "?"]
[Date "2002.??.??"]
[Round "?"]
[White "Kovacevic, A."]
[Black "Paunovic, D."]
[Result "1-0"]
[WhiteElo "2551"]
[BlackElo "2514"]
[PlyCount "64"]
[EventDate "2002.??.??"]
[Source "Chess Informant"]
[SourceDate "2002.10.01"]

1. e4 c5 2. Nf3 e6 3. d4 cxd4 4. Nxd4 a6 5. c4 Nf6 6. Nc3 Bb4 7. Qc2 Qc7 8. a3 Bc5 9. Nb3 Be7 10. Be2 b6 11. O-O Bb7 12. Be3 d6 13. a4 O-O 14. Rfc1 Nbd7 15. a5 Rab8 16. axb6 Nxb6 17. Na5 Ba8 18. b4 Nbd7 19. b5 Nc5 20. f3 Rfc8 21. Qd2 Nfd7 22. bxa6 Qa7 23. Nb5 Qxa6 24. Rd1 Bf6 25. Ra2 d5 26. cxd5 Rxb5 27. Nc4 Na4 28. dxe6 Qxe6 29. Rxa4 Nc5 30. Ra7 Rbb8 31. Nd6 Rb2 32. Qe1 Rd8 1-0

[Event "otb"]
[Site "otb"]
[Date "2007.03.15"]
[Round "11"]
[White "Vuckovic Bojan"]
[Black "Pikula Dejan"]
[Result "1-0"]
[WhiteElo "2551"]
[BlackElo "2513"]
[PlyCount "141"]
[Source "www.chesslib.no"]
[SourceDate "2004.05.04"]

1. e4 c5 2. Nf3 e6 3. d4 cxd4 4. Nxd4 a6 5. c4 Nf6 6. Nc3 Qc7 7. a3 b6 8. Be3 Bb7 9. f3 d6 10. Be2 Be7 11. Rc1 Nbd7 12. O-O Rc8 13. b4 O-O 14. Kh1 Qb8 15. Qd2 Rfe8 16. Rc2 Bd8 17. Na4 Bc7 18. Bg1 Red8 19. Rb1 Qa8 20. Qc1 h6 21. Be3 Kh8 22. Nb2 Rg8 23. Nd3 Ne5 24. Nb3 Nxd3 25. Bxd3 Rgd8 26. a4 Nd7 27. Be2 a5 28. c5 dxc5 29. bxc5 bxc5 30. Nxc5 Nxc5 31. Bxc5 Be5 32. Be3 Rxc2 33. Qxc2 Rc8 34. Qd2 Kg8 35. Bb5 Bc3 36. Qf2 Bb4 37. Qg3 Kh8 38. Bd4 Bf8 39. Qf4 Kg8 40. h3 Bc6 41. Qe5 Qb8 42. Qxb8 Rxb8 43. Bc3 Bxb5 44. Bxa5 Ra8 45. Rxb5 Bd6 46. Kg1 Bg3 47. Kf1 Rc8 48. Bb6 Rc2 49. a5 Ra2 50. Bd4 Rd2 51. a6 Rxd4 52. a7 Rd8 53. e5 Bxe5 54. Rxe5 Ra8 55. Ra5 Kf8 56. Ke2 Ke7 57. Kd3 Kd6 58. Kc4 Kc6 59. Ra6+ Kb7 60. Kb5 h5 61. g4 hxg4 62. hxg4 g5 63. Rb6+ Kxa7 64. Ra6+ Kb7 65. Rxa8 Kxa8 66. Kc6 Ka7 67. Kd6 Kb6 68. Ke7 Kc5 69. Kxf7 e5 70. Kf6 Kd4 71. Kf5 1-0

[Event "XXVII Open A"]
[Site "Bethune FRA"]
[Date "2006.12.28"]
[Round "6"]
[White "Ninov, N."]
[Black "Shchekachev, A."]
[Result "1/2-1/2"]
[WhiteElo "2500"]
[BlackElo "2561"]
[PlyCount "32"]
[EventDate "2006.12.26"]
[Source "www.chesslib.no"]
[SourceDate "2004.05.04"]

1. e4 c5 2. Nf3 e6 3. d4 cxd4 4. Nxd4 a6 5. c4 Nf6 6. Nc3 Bb4 7. Qc2 O-O 8. e5 Ng4 9. f4 d6 10. Nf3 dxe5 11. h3 Nh6 12. fxe5 Nf5 13. a3 Be7 14. Bf4 Nc6 15. Rd1 Qa5 16. Bd3 f6 1/2-1/2

[Event "otb"]
[Site "otb"]
[Date "2007.03.04"]
[Round "1"]
[White "Perunovic Milos"]
[Black "Pikula Dejan"]
[Result "1/2-1/2"]
[WhiteElo "2547"]
[BlackElo "2513"]
[PlyCount "52"]
[Source "www.chesslib.no"]
[SourceDate "2004.05.04"]

1. e4 c5 2. Nf3 e6 3. d4 cxd4 4. Nxd4 a6 5. c4 Nf6 6. Nc3 Qc7 7. a3 b6 8. Be3 Bb7 9. f3 d6 10. Rc1 Be7 11. Be2 O-O 12. O-O Nbd7 13. b4 Rac8 14. Qd2 Qb8 15. Rfd1 Rfe8 16. Bf1 Ne5 17. Na4 Nfd7 18. Kh1 h6 19. Qf2 Bd8 20. Nb3 Ba8 21. Nb2 Bc7 22. Rc2 Bb7 23. Rcd2 Rf8 24. Be2 f5 25. exf5 Rxf5 26. Qe1 Qa8 1/2-1/2

[Event "ACT op"]
[Site "Amsterdam"]
[Date "2004.07.20"]
[Round "4"]
[White "L'Ami, Erwin"]
[Black "Chuchelov, Vladimir"]
[Result "1/2-1/2"]
[WhiteElo "2486"]
[BlackElo "2574"]
[PlyCount "56"]
[EventDate "2004.07.17"]
[Source "Roberto Alvarez"]
[SourceDate "2004.07.26"]

1. e4 c5 2. Nf3 e6 3. d4 cxd4 4. Nxd4 a6 5. c4 Nf6 6. Nc3 Qc7 7. a3 b6 8. Be3 Bb7 9. f3 Be7 10. Rc1 O-O 11. Be2 d6 12. O-O Nbd7 13. b4 Rac8 14. Qd2 Qb8 15. Kh1 Bd8 16. Bg1 Kh8 17. Na4 Rg8 18. c5 dxc5 19. bxc5 Nxc5 20. Nxc5 Rxc5 21. Rxc5 bxc5 22. Rb1 Qc7 23. Nb3 Nd7 24. Rd1 c4 25. Qxd7 cxb3 26. Qxc7 Bxc7 27. Rb1 Rb8 28. Rxb3 Bc8 1/2-1/2

[Event "Griesheim GM 3rd"]
[Site "Griesheim"]
[Date "2003.02.04"]
[Round "7"]
[White "Kritz, Leonid"]
[Black "Agrest, Evgenij"]
[Result "1/2-1/2"]
[WhiteElo "2484"]
[BlackElo "2574"]
[PlyCount "119"]
[EventDate "2003.01.29"]
[Source "ChessBase"]
[SourceDate "2003.05.26"]

1. e4 c5 2. Nf3 e6 3. d4 cxd4 4. Nxd4 a6 5. c4 b6 6. Nc3 Bb7 7. Bf4 d6 8. Bg3 Nf6 9. Bd3 Nbd7 10. Qe2 Be7 11. Rc1 g6 12. f4 Nh5 13. f5 Nc5 14. fxe6 Nxe6 15. Nxe6 fxe6 16. e5 O-O 17. exd6 Bg5 18. Rc2 Nxg3 19. Qxe6+ Kg7 20. hxg3 Re8 21. Rxh7+ Kxh7 22. Bxg6+ Kg7 23. Bxe8 Qxe8 24. Qxe8 Rxe8+ 25. Re2 Kf7 26. Rxe8 Kxe8 27. Ke2 Bxg2 28. Kd3 Kd7 29. Ne4 Bc1 30. b3 Kc6 31. Kd4 a5 32. Ke5 Bxe4 33. Kxe4 Kxd6 34. g4 Ke6 35. Kd4 Bb2+ 36. Ke4 Bg7 37. Kf4 Ba1 38. Ke4 Be5 39. Ke3 Bg7 40. Kf4 Bh6+ 41. Ke4 Bc1 42. Kd4 Kd6 43. Ke4 Kc5 44. Ke5 Be3 45. Ke4 Bd4 46. Kd3 Bb2 47. Ke4 Bc3 48. g5 Kd6 49. Kf5 Ke7 50. Kg6 Bd2 51. Kf5 Bc1 52. g6 Bb2 53. Kg5 Bg7 54. Kf5 Bf6 55. Kf4 Ke6 56. Ke4 Be5 57. Kd3 Kf5 58. c5 b5 59. b4 axb4 60. Kc2 1/2-1/2

[Event "Baden_Baden"]
[Site "?"]
[Date "1992.??.??"]
[Round "?"]
[White "van der Wiel, J."]
[Black "Bischoff, K."]
[Result "1-0"]
[WhiteElo "2545"]
[BlackElo "2510"]
[PlyCount "59"]
[EventDate "1992.??.??"]
[Source "ChessBase"]
[SourceDate "1992.10.01"]

1. e4 c5 2. Nf3 e6 3. d4 cxd4 4. Nxd4 a6 5. c4 Nf6 6. Nc3 Qc7 7. Be2 b6 8. Be3 Bb7 9. f3 Be7 10. Rc1 O-O 11. Kf2 Rd8 12. g4 Nc6 13. Nxc6 dxc6 14. Qg1 c5 15. h4 Bd6 16. h5 Bf4 17. g5 Bxe3+ 18. Kxe3 Nd7 19. Qh2 Ne5 20. h6 g6 21. Qf4 f5 22. gxf6 Rd7 23. Rcd1 Rc8 24. Rxd7 Nxd7 25. Qxc7 Rxc7 26. Rd1 Kf7 27. Rd6 Bc6 28. Bf1 Kxf6 29. Nd5+ Ke5 30. Rxd7 1-0

[Event "Masters"]
[Site "Trieste ITA"]
[Date "2007.09.07"]
[Round "8"]
[White "Borisek, J."]
[Black "Caruana, F."]
[Result "0-1"]
[WhiteElo "2506"]
[BlackElo "2549"]
[PlyCount "178"]
[EventDate "2007.09.01"]
[Source "www.chesslib.no"]
[SourceDate "2004.05.04"]

1. e4 c5 2. Nf3 e6 3. d4 cxd4 4. Nxd4 a6 5. c4 Nf6 6. Nc3 Bb4 7. Bd3 Nc6 8. Nde2 Qc7 9. a3 Be7 10. Bf4 Ne5 11. Rc1 b6 12. O-O Bb7 13. b4 d6 14. Bxe5 dxe5 15. Ng3 O-O 16. Qe2 a5 17. Rb1 Ba6 18. Rfc1 Rfd8 19. Qe3 h6 20. Bf1 Ne8 21. Qe1 Bg5 22. Rc2 axb4 23. axb4 Nd6 24. Na4 Bb7 25. Nc3 Ba6 26. Na4 b5 27. Nc5 Nxc4 28. Bxc4 bxc4 29. Nxa6 Rxa6 30. b5 Rad6 31. Nf1 Rd4 32. b6 Qb7 33. f3 Be7 34. Ne3 Bc5 35. Kh1 Bxb6 36. Nxc4 Qc7 37. Rbc1 Ba7 38. h3 f6 39. Kh2 Qd7 40. Na5 Rd1 41. Rxd1 Qxd1 42. Qxd1 Rxd1 43. g4 Be3 44. Nc6 Kf7 45. h4 Rd2+ 46. Rxd2 Bxd2 47. Kg2 Ke8 48. Nb8 Ke7 49. Kf1 Kd6 50. Ke2 Ba5 51. Kd3 Kc7 52. Na6+ Kb6 53. Nb8 Bb4 54. g5 Be7 55. gxh6 gxh6 56. Kc4 h5 57. Nd7+ Kc6 58. Nb8+ Kd6 59. Na6 f5 60. Kd3 Bxh4 61. Ke2 Bg3 62. Kf1 h4 63. Kg2 Be1 64. Kh3 Kc6 65. Nb8+ Kc7 66. Na6+ Kd6 67. Kg2 Ba5 68. Kh3 Bd8 69. Kg2 Kc6 70. Nb8+ Kc7 71. Na6+ Kb6 72. Nb8 Kc5 73. Nd7+ Kd4 74. Nf8 fxe4 75. fxe4 Kxe4 76. Nxe6 Be7 77. Ng7 Kf4 78. Ne6+ Kg4 79. Nc7 h3+ 80. Kh1 e4 81. Nd5 Bg5 82. Kg1 Kg3 83. Kh1 Bf4 84. Kg1 Kf3 85. Kh1 Be5 86. Kg1 h2+ 87. Kh1 Bd6 88. Nc3 e3 89. Nb5 Be5 0-1

[Event "Istanbul ol (Men)"]
[Site "Istanbul"]
[Date "2000.11.09"]
[Round "12"]
[White "Ivanisevic, Ivan"]
[Black "Krakops, Maris"]
[Result "1-0"]
[WhiteElo "2530"]
[BlackElo "2522"]
[PlyCount "141"]
[EventDate "2000.10.??"]
[Source "www.chesslib.no"]
[SourceDate "2004.05.04"]

1. d4 e6 2. Nf3 c5 3. e4 cxd4 4. Nxd4 a6 5. c4 Nf6 6. Nc3 Qc7 7. Qc2 Bc5 8. Nb3 Ba7 9. Bg5 d6 10. Rd1 Nbd7 11. Qd2 O-O 12. Qxd6 Qxd6 13. Rxd6 Ng4 14. Be2 Bxf2+ 15. Kf1 f5 16. exf5 Nde5 17. h3 Be3 18. Bh4 Nh6 19. g4 exf5 20. Be7 Re8 21. Nd5 Nef7 22. c5 fxg4 23. Bc4 Kh8 24. hxg4 Bxg4 25. Kg2 Nf5 26. Bd3 Bh6 27. Bxf5 Bxf5 28. Re1 Bg5 29. Nd4 Bxe7 30. Nxe7 Nxd6 31. cxd6 Bd7 32. Kg3 a5 33. Nf3 g6 34. Ne5 Ra6 35. Rd1 Be6 36. d7 Bxd7 37. Rxd7 Re6 38. Nf7+ Kg7 39. Nd5 Kg8 40. Nh6+ Kh8 41. Nf7+ Kg8 42. Ng5 Ra6 43. Nxh7 Re1 44. Nhf6+ Kf8 45. Rxb7 Rf1 46. Nd7+ Kg8 47. Ne7+ Kh8 48. Ne5 Kg7 49. N7xg6+ Kh6 50. Nf4 Kg5 51. Rb5 Rg1+ 52. Kf3 Rf1+ 53. Ke3 Re1+ 54. Ne2 Ra1 55. Nc3 a4 56. Kd4 Kf4 57. Nd3+ Kf3 58. Nc5 Rd6+ 59. Kc4 Ke3 60. N5xa4 Rd4+ 61. Kb3 Rh1 62. Nb6 Rh7 63. a4 Rd8 64. a5 Ra7 65. Nc4+ Kd4 66. Kb4 Rc7 67. Nb6 Kd3 68. a6 Ra7 69. Ka5 Kc2 70. Nca4 Kb1 71. b4 1-0

[Event "Stockholm"]
[Site "Stockholm"]
[Date "2002.08.10"]
[Round "8"]
[White "Rytshagov, Mikhail"]
[Black "Gritsak, Orest"]
[Result "1/2-1/2"]
[WhiteElo "2503"]
[BlackElo "2542"]
[PlyCount "27"]
[EventDate "2002.08.03"]
[Source "ChessBase"]
[SourceDate "2002.11.12"]

1. e4 c5 2. Nf3 e6 3. d4 cxd4 4. Nxd4 a6 5. c4 Nf6 6. Nc3 Qc7 7. Bd3 b6 8. O-O Bb7 9. Qe2 d6 10. f4 Nbd7 11. f5 e5 12. Nf3 Be7 13. Be3 Nc5 14. Kh1 1/2-1/2

[Event "Zalaegerszeg"]
[Site "Zalaegerszeg"]
[Date "2004.04.30"]
[Round "7"]
[White "Balogh, Csaba"]
[Black "Portisch, Lajos"]
[Result "1/2-1/2"]
[WhiteElo "2468"]
[BlackElo "2573"]
[PlyCount "96"]
[EventDate "2004.04.24"]
[Source "ChessBase"]
[SourceDate "2004.07.27"]

1. e4 c5 2. Nf3 e6 3. d4 cxd4 4. Nxd4 a6 5. c4 Nf6 6. Nc3 Qc7 7. a3 b6 8. Be3 Bb7 9. f3 d6 10. Be2 Be7 11. O-O O-O 12. Rc1 Rc8 13. Qd2 Qd8 14. b4 Nbd7 15. Rfd1 Kh8 16. Bf1 Rab8 17. Na4 Ba8 18. Nb2 Qg8 19. Nb3 g5 20. c5 bxc5 21. Bxa6 Rc6 22. Bf1 g4 23. Kh1 Ne5 24. Nc4 cxb4 25. Nxe5 dxe5 26. Rxc6 Bxc6 27. Bc5 Qf8 28. axb4 Ba4 29. Rb1 gxf3 30. gxf3 Bxb3 31. Bxe7 Qxe7 32. Rxb3 Rg8 33. b5 Qc5 34. Qe3 Qc2 35. b6 Qd1 36. Qd3 Qe1 37. Qe2 Qa1 38. b7 Nd7 39. Qf2 Nb8 40. f4 Qa4 41. Re3 Qa7 42. fxe5 Nd7 43. Bb5 Qxb7 44. Bxd7 Qxd7 45. Qf6+ Rg7 46. Rg3 Qd1+ 47. Kg2 Qe2+ 48. Kh3 Qh5+ 1/2-1/2